Mapa de competències : any 2005 any 2005
Publicado:
Barcelona :
Diputació de Barcelona. Àrea de Govern Local. Servei de Formació Local, [2006?]
Descripción Física:
27 p. : taules ; 29 cm
Materias:
Competències professionals
MARC
| LEADER | 00000nam a2200000Ia 4500 | ||
|---|---|---|---|
| 001 | 21234 | ||
| 008 | 160829s9999 xx 000 0 cat d | ||
| 080 | |a FU-34-43 | ||
| 245 | |a Mapa de competències : |b any 2005 | ||
| 260 | |a Barcelona : |b Diputació de Barcelona. Àrea de Govern Local. Servei de Formació Local, [2006?] | ||
| 300 | |a 27 p. : |b taules ; |c 29 cm | ||
| 650 | |a Competències professionals |9 45560 | ||
| 710 | |a Barcelona (Catalunya : Província). |b Servei de Formació Local |9 53659 | ||
| 901 | |a Arxiu | ||
| 942 | |n 1 | ||
| 952 | |0 0 |1 0 |4 0 |6 FU3443 |7 1 |9 52673 |a Arxiu |b Arxiu |d 2016-12-01 |l 0 |o FU-34-43 |p 21234 |r 2016-12-01 00:00:00 |w 2016-12-01 |y ARXIU | ||
| 999 | |c 56522 |d 56522 | ||